Najbardziej wartościowe kluby w Europie - Statystyki

Ogólne statystyki
  • Ten quiz został rozwiązany 60 razy
  • Średni wynik to 23 z 30
Statystyki odpowiedzi
Hint Odpowiedź % Poprawnych
Hiszpania Real Madryt
100%
Hiszpania Barcelona
98%
Włochy AC Milan
96%
Anglia Arsenal
96%
Niemcy Bayern Monachium
96%
Anglia Chelsea
96%
Anglia Manchester City
96%
Francja Paris Saint Germain
96%
Hiszpania Atletico Madryt
94%
Anglia Liverpool
94%
Anglia Manchester United
94%
Włochy Inter Mediolan
93%
Niemcy Borussia Dortmund
91%
Włochy Juventus
91%
Portugalia FC Porto
89%
Anglia Tottenham
89%
Włochy Napoli
85%
Anglia Aston Villa
83%
Włochy AS Roma
80%
Portugalia Sporting Lizbona
80%
Anglia Newcastle United
76%
Włochy Atalanta
69%
Niemcy Bayer Leverkusen
67%
Anglia Everton
65%
Niemcy RB Lipsk
65%
Anglia Crystal Palace
56%
Anglia Nottingham Forest
50%
Anglia Brentford
31%
Anglia Brighton
13%
Anglia AFC Bournemouth
7%
Nie znaleziono quizów pasujących do podanych kryteriów
Rozkład punktacji
Procent ludzi z każdym wynikiem
Percentyl według liczby udzielonych odpowiedzi
Twoja historia wyników
Nie rozwiązałeś tego quizu